000 00328nam a22001217a 4500
082 _a332.095957021 SBP
100 _aState Bank of Pakistan.
245 _aStatistical Bulletin September 2006
_cState Bank of Pakistan.
260 _aKarachi
_bState Bank of Pakistan.
_c2006
300 _a226p
563 _aP.B
942 _2ddc
_cBK
999 _c588784
_d588784